000 00551nam a2200169 i 4500
001 69769
003 ES-MaACL
005 20230906170618.0
007 t|
008 040709q19201929sp ||||1| spa d
100 1 _aGarcía Guijarro, Luis.
_954736
245 1 3 _aLa exportación agrícola española y su importancia en el comercio exterior /
_cLuis García Guijarro.
260 _aMadrid :
_bSucesores de Rivadeneyra,
_c[192-?]
300 _a57 p. ;
_c27 cm.
500 _aTexto español, francés, inglés y alemán.
852 _aES-MaACL
_j1763-F-23
999 _c69769
_d69769